000 00429cam a22001457a 4500
008 180718b1974 xxu||||| |||| 00| 0 eng d
020 _a0 7069 0322 6
082 _aB19x5 In7/2
245 _aStudies in Asian social development
_cedited by Suren Navlakha
260 _aDelhi
_bVikas
_c1974
300 _axv, 226p
650 _aAsia-social conditions.
650 _aEconomic development-social aspects
700 _aNavlakha, Suren
999 _c419208
_d419208